Percepciones de Amenaza y Políticas de defensa en América Latina /
Tallennettuna:
| Päätekijä: | |
|---|---|
| Muut tekijät: | |
| Aineistotyyppi: | Teksti |
| Julkaistu: |
Santiago:
FLACSO
|
| Tagit: |
Lisää tagi
Ei tageja, Lisää ensimmäinen tagi!
|
MARC
| LEADER | 00000 a a2200000 04500 | ||
|---|---|---|---|
| 001 | 24462 | ||
| 003 | |||
| 040 | |||
| 020 | |a 956-205-060-2 | ||
| 090 | |a 166900 | ||
| 100 | |a Varas Fernández, Augusto | ||
| 245 | |a Percepciones de Amenaza y Políticas de defensa en América Latina / |c Augusto Varas Fernández | ||
| 260 | |a Santiago: |b FLACSO | ||
| 300 | |a 481 p. |b **no definido** |b map. | ||
| 700 | |a Fontana, Andrés |a Bustamante, Fernando |a Guedes da Costa, Thomaz |a Velit, Juan |a Lezcano, Carlos María |a Serbín, Andrés |a Muller Rojas, Alberto |a Cruz Johnson, Rigoberto |a Meneses, Emilio |a Barros Van Buren, Mario |a Arancibia Reyes, Jorge | ||
| 999 | |c 16458 |d 16458 | ||



